| LEADER 00000nam 2200000uu 4500 |
| 001 13399110341 |
| 003 BCNR |
| 008 110208s2552||||th 000 0 tha d |
| 020 9789746606288
|
| 060 04 WE544^bฟ479 2552
|
| 245 00 ฟื้นฟูวิชาการโรคข้อและรูมาติสซั่มประจำปี 2552 /^cบรรณาธิการ, กิตติ โตเต็มโชคชัยการ
|
| 250 พิมพ์ครั้งที่ 1
|
| 260 กรุงเทพฯ :^bสมาคมรูมาติสซั่มแห่งประเทศไทย,^c2552
|
| 300 0242 หน้า :^bภาพประกอบ ;^c21 ซม.
|
| 650 7 ข้ออักเสบรูห์มาตอยด์^vการประชุม
|
| 650 7 ข้อ, โรค^vการประชุม
|
| 650 7 กระดูก, โรค^vการประชุม
|
| 650 7 รูห์มาติสม^vการประชุม
|
| 700 0 กิตติ โตเต็มโชคชัยการ,^eบรรณาธิการ
|
| 710 2 สมาคมรูมาติสซั่มแห่งประเทศไทย
|
| 999 ^aบรรณารักษ์
|